Atividade anti-helmíntica do fruto da Melia azedarach em cordeiros naturalmente infectados com nematódeos gastrintestinais (Registro n. 208835)
[ somente texto ]
| 000 -LÍDER | |
|---|---|
| campo de controle de tamanho fixo | 01069nas a2200361 4500 |
| 001 - NÚMERO DE CONTROLE | |
| campo de controle | BR2011001020 |
| 003 - IDENTIFICADOR DO NÚMERO DE CONTROLE | |
| campo de controle | BR-BrBNA |
| 005 - DATA E HORÁRIO DA ÚLTIMA TRANSAÇÃO | |
| campo de controle | 20231205114442.0 |
| 007 - CAMPO FIXO DE DESCRIÇÃO FÍSICA--INFORMAÇÃO GERAL | |
| campo de controle de tamanho fixo | ta |
| 008 - CAMPO DE DADOS FIXOS--INFORMAÇÃO GERAL | |
| campo de controle de tamanho fixo | 230509b bl.|||p| |||| 00| 00por d |
| 040 ## - FONTE DA CATALOGAÇÃO | |
| Instituição da catalogação original | BR-BrBNA |
| Idioma da catalogação | por |
| Instituição que transcreveu o registro | Biblioteca Nacional de Agricultura |
| 041 ## - CÓDIGO DE IDIOMA | |
| Código do idioma do texto/trilha sonora ou título diferente | (Pt) |
| 072 ## - CÓDIGO DE CATEGORIA DE ASSUNTO | |
| Código de Categoria de Assunto | L72 |
| 100 1# - ENTRADA PRINCIPAL--NOME PESSOAL | |
| Nome pessoal | Falbo, M.K. |
| 100 1# - ENTRADA PRINCIPAL--NOME PESSOAL | |
| Nome pessoal | Sandini, I.E. |
| 100 1# - ENTRADA PRINCIPAL--NOME PESSOAL | |
| Nome pessoal | Ishiy, H.M. |
| 100 1# - ENTRADA PRINCIPAL--NOME PESSOAL | |
| Nome pessoal | Fávaro, J.L. |
| 100 1# - ENTRADA PRINCIPAL--NOME PESSOAL | |
| Nome pessoal | Santos, C.E. dos |
| 100 1# - ENTRADA PRINCIPAL--NOME PESSOAL | |
| Nome pessoal | Bastos, S. |
| 100 1# - ENTRADA PRINCIPAL--NOME PESSOAL | |
| Nome pessoal | Rodigheri, D. |
| 100 1# - ENTRADA PRINCIPAL--NOME PESSOAL | |
| Nome pessoal | Guzzo, D. |
| 245 1# - TÍTULO | |
| Título | Atividade anti-helmíntica do fruto da Melia azedarach em cordeiros naturalmente infectados com nematódeos gastrintestinais |
| 650 ## - ASSUNTO--TERMO TÓPICO | |
| Cabeçalho tópico ou nome geográfico | CORDEIRO |
| 650 ## - ASSUNTO--TERMO TÓPICO | |
| Cabeçalho tópico ou nome geográfico | ANTI-HELMÍNTICO |
| 650 ## - ASSUNTO--TERMO TÓPICO | |
| Cabeçalho tópico ou nome geográfico | MELIA AZEDARACH |
| 650 ## - ASSUNTO--TERMO TÓPICO | |
| Cabeçalho tópico ou nome geográfico | CINAMOMO |
| 650 ## - ASSUNTO--TERMO TÓPICO | |
| Cabeçalho tópico ou nome geográfico | FITOTERAPIA |
| 650 ## - ASSUNTO--TERMO TÓPICO | |
| Cabeçalho tópico ou nome geográfico | VERMINOSE |
| 650 ## - ASSUNTO--TERMO TÓPICO | |
| Cabeçalho tópico ou nome geográfico | NEMATÓIDE |
| 773 0# - ENTRADA ANALÍTICA | |
| Título | Semina. Ciências Agrárias (Brazil) |
| ISSN - International Standard Serial Number | ISSN 1676-546X |
| Partes relacionadas | (Oct-Dec 2008), v. 29(4) p. 881-886 |
| Número de controle do registro | BR2011001020 |
| 909 ## - | |
| -- | 202311 |
| -- | Lúcia |
| -- | 55 |
| -- | Lúcia Elande |
| 942 ## - ELEMENTOS DE ENTRADA ADICIONADOS (KOHA) | |
| Fonte da classificação ou esquema de arquivamento na estante | Classificação AGRIS |
| Ocultar no OPAC | Não |
| Tipo de material Koha | Analítica |
| Situação do descarte | Fonte da classificação ou esquema de arquivamento na estante | Situação física | Não pode ser emprestado | Biblioteca de origem | Biblioteca atual | Localização na estante | Enumeração do periódico / cronologia | Total de empréstimos | Data de último acesso | Número do exemplar | Tipo de material Koha | Fonte de aquisição |
|---|---|---|---|---|---|---|---|---|---|---|---|---|
| Classificação AGRIS | Consulta local | Biblioteca Nacional de Agricultura - Binagri | Biblioteca Nacional de Agricultura - Binagri | (Oct-Dec 2008), v. 29(4) p. 881-886 | 29/11/2023 | 01 | Periódicos | Portaria Interministerial nº 164/94 |

BINAGRI